Вероятный механизм процесса дезактивации оборудования в химически активных средах и ультразвуковых полях кавитационной интенсивности; Известия Томского политехнического университета [Известия ТПУ]; Т. 313, № 3: Химия. Физика

Бібліографічні деталі
Parent link:Известия Томского политехнического университета [Известия ТПУ]/ Томский политехнический университет (ТПУ).— , 2000-
Т. 313, № 3: Химия. Физика.— 2008.— [С. 43-45]
Автор: Брус И. Д. Иван Дмитриевич
Інші автори: Тураев Н. С. Николай Степанович
Резюме:Заглавие с титульного листа
Электронная версия печатной публикации
Описан механизм образования радиоактивных отложений на поверхности оборудования реакторных заводов. Показано, что в результате гидравлических ударов при схлопывании кавитационных полостей наблюдается уменьшение и разрушение диффузионного слоя, а также механическое растрескивание части твердых отложений, что резко увеличивает скорость дезактивации.
Мова:Російська
Опубліковано: 2008
Серія:Химия
Предмети:
Онлайн доступ:http://www.lib.tpu.ru/fulltext/v/Bulletin_TPU/2008/v313/i3/08.pdf
Формат: Електронний ресурс Частина з книги
KOHA link:https://koha.lib.tpu.ru/cgi-bin/koha/opac-detail.pl?biblionumber=173548

MARC

LEADER 00000nla2a2200000 4500
001 173548
005 20231031164509.0
035 |a (RuTPU)RU\TPU\book\188229 
035 |a RU\TPU\book\188228 
090 |a 173548 
100 |a 20091228d2008 k y0rusy50 ca 
101 0 |a rus 
102 |a RU 
135 |a drnn ---uucaa 
181 0 |a i  
182 0 |a b 
200 1 |a Вероятный механизм процесса дезактивации оборудования в химически активных средах и ультразвуковых полях кавитационной интенсивности  |b Электронный ресурс  |f И. Д. Брус, Н. С. Тураев 
203 |a Текст  |c электронный 
215 |a 1 файл (382 Кб) 
225 1 |a Химия 
230 |a Электронные текстовые данные (1 файл : 382 Кб) 
300 |a Заглавие с титульного листа 
300 |a Электронная версия печатной публикации 
320 |a [Библиогр.: с. 45 (4 назв.)] 
330 |a Описан механизм образования радиоактивных отложений на поверхности оборудования реакторных заводов. Показано, что в результате гидравлических ударов при схлопывании кавитационных полостей наблюдается уменьшение и разрушение диффузионного слоя, а также механическое растрескивание части твердых отложений, что резко увеличивает скорость дезактивации. 
337 |a Adobe Reader 
461 1 |0 (RuTPU)RU\TPU\book\176237  |t Известия Томского политехнического университета [Известия ТПУ]  |f Томский политехнический университет (ТПУ)  |d 2000- 
463 1 |0 (RuTPU)RU\TPU\book\188221  |x 1684-8519  |t Т. 313, № 3: Химия. Физика  |v [С. 43-45]  |d 2008  |p 133 с. 
610 1 |a дезактивация 
610 1 |a оборудование 
610 1 |a активные среды 
610 1 |a ультразвуковые поля 
610 1 |a кавитационная интенсивность 
610 1 |a радиоактивные отложения 
610 1 |a оборудование 
610 1 |a реакторные заводы 
610 1 |a гидравлические удары 
610 1 |a схлопывание 
610 1 |a кавитационные полости 
610 1 |a диффузионные слои 
610 1 |a механическое растрескивание 
610 1 |a твердые отложения 
610 1 |a ультразвуковая обработка 
610 1 |a труды учёных ТПУ 
610 1 |a электронный ресурс 
700 1 |a Брус  |b И. Д.  |c доцент каф. химической технологии редких, рассеянных и радиоактивных элементов (ХТРЭ) ФТФ, ТПУ  |c кандидат технических наук  |f 1931-  |g Иван Дмитриевич  |2 stltpush  |3 (RuTPU)RU\TPU\pers\25482 
701 1 |a Тураев  |b Н. С.  |c доцент каф. химической технологии редких, рассеянных и радиоактивных элементов (ХТРЭ) ФТФ,ТПУ  |c кандидат технических наук  |f 1931-  |g Николай Степанович  |2 stltpush  |3 (RuTPU)RU\TPU\pers\25504 
801 1 |a RU  |b 63413507  |c 20090623  |g PSBO 
801 2 |a RU  |b 63413507  |c 20211207  |g PSBO 
856 4 |u http://www.lib.tpu.ru/fulltext/v/Bulletin_TPU/2008/v313/i3/08.pdf 
942 |c CF